[Event "Passau op 6th"]
[Site "Passau"]
[Date "1998.04.11"]
[Round "4"]
[White "Steiner, Dietmar"]
[Black "Hager, Martin"]
[Result "0-1"]
[WhiteElo "1720"]
[BlackElo "1840"]
[PlyCount "106"]
[EventDate "1998.04.10"]
[EventType "swiss"]
[EventRounds "7"]
[EventCountry "GER"]
[SourceTitle "EXT 1999"]
[Source "ChessBase"]
[SourceDate "1998.11.16"]
[SourceVersion "1"]
[SourceVersionDate "1998.11.16"]
[SourceQuality "1"]

1. c4 Nf6 2. Nc3 g6 3. g3 Bg7 4. Bg2 d6 5. d3 e5 6. Nf3 Nc6 7. 0-0 Be6 8. Ng5 Bd7 9. Nge4 Nxe4 10. Bxe4 Bh3 11. Re1 Qd7 12. Rb1 Rb8 13. Nd5 Ne7 14. Bh6 0-0 15. Bg5 Nxd5 16. Bxd5 c6 17. Bh1 f5 18. Bd2 f4 19. Bg2 Bg4 20. f3 Be6 21. Kf2 b5 22. b3 a5 23. Qc2 g5 24. Rec1 b4 25. Rh1 g4 26. Rbg1 Qa7+ 27. Ke1 Qd4 28. Qc1 d5 29. fxg4 fxg3 30. hxg3 Qf2+ 31. Kd1 Bxg4 32. Bf1 e4 33. Be3 Qf5 34. d4 Qd7 35. c5 Qa7 36. Rh4 Bf5 37. Bh3 a4 38. Bxf5 Rxf5 39. Rgh1 Rbf8 40. Ke1 axb3 41. axb3 Qa2 42. Qd1 Qb2 43. Rf4 Qc3+ 44. Kf2 h5 45. Qa1 Qxb3 46. Qa6 Qc4 47. Qxc6 R5f6 48. Qc7 Rxf4+ 49. gxf4 Bxd4 50. Rg1+ Kh8 51. Rg5 Bxe3+ 52. Kxe3 Qc1+ 53. Kd4 Qd2+ 0-1

[Event "Feffernitz Raika op 05th"]
[Site "Feffernitz"]
[Date "1996.??.??"]
[Round "?"]
[White "Lampersberger, Paul"]
[Black "Steiner, Dietmar"]
[Result "1-0"]
[WhiteElo "1820"]
[BlackElo "1605"]
[PlyCount "123"]
[EventDate "1996.08.??"]
[EventType "swiss"]
[EventRounds "9"]
[EventCountry "AUT"]
[SourceTitle "EXT 2004"]
[Source "ChessBase"]
[SourceDate "2003.11.25"]
[SourceVersion "1"]
[SourceVersionDate "2003.11.25"]
[SourceQuality "1"]

1. d4 Nf6 2. Bf4 d6 3. e3 g6 4. Nf3 Bg7 5. c4 Nfd7 6. Nc3 e5 7. dxe5 dxe5 8. Bg5 f6 9. Bh4 0-0 10. Be2 Nc6 11. 0-0 Ne7 12. Qc2 Nf5 13. Rad1 Nxh4 14. Nxh4 f5 15. Nf3 c6 16. c5 Qe7 17. b4 a5 18. a3 b6 19. cxb6 axb4 20. axb4 Nxb6 21. b5 Bd7 22. bxc6 Be6 23. Rb1 Qc5 24. Ng5 Qxc6 25. Nxe6 Qxe6 26. Nb5 Rac8 27. Qd2 Nc4 28. Qb4 Kh8 29. Rfc1 Nb6 30. Nc7 Qa2 31. Rb2 Qf7 32. Qxb6 e4 33. Rbc2 f4 34. Bg4 Rb8 35. Qe6 fxe3 36. Qxf7 Rxf7 37. fxe3 Bh6 38. Nd5 Kg7 39. Rc7 Rb7 40. Rxb7 Rxb7 41. Kf2 Rb2+ 42. Be2 Bg5 43. Rc4 Rd2 44. Nf4 Kf6 45. Rxe4 Kf5 46. Kf3 h5 47. Ra4 Bd8 48. Bd3+ Kf6 49. Ra6+ Kf7 50. Bxg6+ Ke7 51. Bxh5 Kf8 52. Ne6+ Kg8 53. Ra8 Kh7 54. Rxd8 Rb2 55. Rd7+ Kg8 56. Bg6 Rb8 57. h4 Kh8 58. h5 Kg8 59. h6 Kh8 60. Nf4 Rf8 61. Rf7 Rg8 62. Rh7# 1-0

[Event "Feffernitz Raika op 05th"]
[Site "Feffernitz"]
[Date "1996.??.??"]
[Round "?"]
[White "Steiner, Dietmar"]
[Black "Piskernig, M."]
[Result "1/2-1/2"]
[WhiteElo "1605"]
[BlackElo "1630"]
[PlyCount "59"]
[EventDate "1996.08.??"]
[EventType "swiss"]
[EventRounds "9"]
[EventCountry "AUT"]
[SourceTitle "EXT 2004"]
[Source "ChessBase"]
[SourceDate "2003.11.25"]
[SourceVersion "1"]
[SourceVersionDate "2003.11.25"]
[SourceQuality "1"]

1. e4 e5 2. Nf3 Nc6 3. d4 exd4 4. Nxd4 Qh4 5. Nc3 Bb4 6. Nxc6 Qxe4+ 7. Qe2 Qxe2+ 8. Bxe2 dxc6 9. Bd2 Be6 10. a3 Bd6 11. 0-0-0 0-0-0 12. Be3 c5 13. Rd2 Nf6 14. h3 Be7 15. Rhd1 Rxd2 16. Rxd2 Rd8 17. Rxd8+ Kxd8 18. Bf3 c6 19. Ne4 Nxe4 20. Bxe4 f5 21. Bd3 g6 22. g3 Bd6 23. h4 c4 24. Be2 a6 25. Kd2 Kd7 26. c3 Bd5 27. Bd4 Ke6 28. Ke3 Be5 29. Bxe5 Kxe5 30. f4+ 1/2-1/2

[Event "Feffernitz Raika op 05th"]
[Site "Feffernitz"]
[Date "1996.??.??"]
[Round "?"]
[White "Steiner, Dietmar"]
[Black "Prendinger, Rudolf"]
[Result "0-1"]
[WhiteElo "1605"]
[BlackElo "1950"]
[PlyCount "70"]
[EventDate "1996.08.??"]
[EventType "swiss"]
[EventRounds "9"]
[EventCountry "AUT"]
[SourceTitle "EXT 2004"]
[Source "ChessBase"]
[SourceDate "2003.11.25"]
[SourceVersion "1"]
[SourceVersionDate "2003.11.25"]
[SourceQuality "1"]

1. e4 e5 2. Nf3 Nc6 3. Nc3 Nf6 4. d4 exd4 5. Nxd4 Bb4 6. Bg5 Qe7 7. f3 d5 8. Nxc6 bxc6 9. Qd3 dxe4 10. Bxf6 Qxf6 11. Qxe4+ Be7 12. Bd3 Rb8 13. 0-0 Rb4 14. Qe3 0-0 15. Rfe1 Be6 16. Qxa7 Rxb2 17. Ne4 Qe5 18. Kh1 Rfb8 19. Ng3 Qf4 20. a4 Bd6 21. a5 c5 22. a6 Qh4 23. Nf1 Bd5 24. c4 Bc6 25. Rab1 Rxb1 26. Rxb1 Rxb1 27. Bxb1 g6 28. Qb8+ Kg7 29. Qb2+ f6 30. Be4 Bxe4 31. fxe4 Qe1 32. Kg1 Be5 33. Qa3 Bd4+ 34. Qe3 Bxe3+ 35. Kh1 Qxf1# 0-1